| 000 | 00352cam a22001097a 4500 | ||
|---|---|---|---|
| 008 | 180718b1938 xxu||||| |||| 00| 0 eng d | ||
| 082 | _aB1241x5452 P774 | ||
| 100 | _aPonniah, J.S. | ||
| 245 |
_aResearch studies in the economic and social environment of the Indian church _cby J.S.Ponniah |
||
| 260 |
_aMadhra _bAmerican College _c1938 |
||
| 300 | _aiv,222p. | ||
| 999 |
_c438310 _d438310 |
||